[Event "Olympiad U18"]
[Site "Atlacomulco"]
[Date "2001.??.??"]
[Round "3"]
[White "Montero Gonzalez, Paulina"]
[Black "Miranda Velasquez, Maribel"]
[Result "1-0"]
[WhiteElo "1356"]
[BlackElo "1304"]
[PlyCount "111"]
[EventDate "2001.05.29"]
[EventType "swiss"]
[EventRounds "5"]
[EventCountry "MEX"]
[SourceTitle "EXT 2002"]
[Source "ChessBase"]
[SourceDate "2001.11.25"]
[SourceVersion "1"]
[SourceVersionDate "2001.11.25"]
[SourceQuality "1"]

1. e4 e5 2. Nf3 Nc6 3. Bc4 Bc5 4. c3 Nf6 5. d4 exd4 6. e5 Ne4 7. Bd5 Nxf2 8. Kxf2 dxc3+ 9. Kg3 cxb2 10. Bxb2 d6 11. Re1 0-0 12. h3 Ne7 13. Bb3 Nf5+ 14. Kh2 Bf2 15. Re2 Bg3+ 16. Kg1 Re8 17. Nc3 c6 18. exd6 Bxd6 19. Ne4 Qb6+ 20. Bd4 Nxd4 21. Qxd4 Qxd4+ 22. Nxd4 Bc5 23. Nxc5 Rd8 24. Nf3 b6 25. Rae1 Kf8 26. Re7 Be6 27. Nxe6+ fxe6 28. R1xe6 c5 29. Rc7 Re8 30. Rxe8+ Rxe8 31. Rxa7 b5 32. Rf7+ Kg8 33. Re7+ Kf8 34. Rxe8+ Kxe8 35. Bd5 Kd7 36. Kf2 Kd6 37. Be4 h6 38. Ke3 b4 39. Kd3 g5 40. g4 Kc7 41. Kc4 Kb6 42. Ne5 Kc7 43. Kxc5 Kd8 44. Nf7+ Ke7 45. Nxh6 Kf6 46. Kxb4 Ke7 47. a4 Kf6 48. a5 Ke5 49. a6 Kxe4 50. a7 Kf4 51. a8Q Kg3 52. Qe4 Kxh3 53. Qf3+ Kh2 54. Nf5 Kg1 55. Ne3 Kh2 56. Qg2# 1-0